000
00230nam a22000857a 4500
008
170608b xxu||||| |||| 00| 0 eng d
100
_9
3339
_a
Shankar. A
245
_a
The story of Gandhi
260
_a
New Delhi
_b
Children's Book Trust
_c
1969
999
_c
6658
_d
6658